| 000 | 01247nam a2200253Ia 4500 | ||
|---|---|---|---|
| 999 |
_c52693 _d52693 |
||
| 001 | 19718 | ||
| 003 | GE_BSU | ||
| 005 | 20200406175552.0 | ||
| 008 | 181216s2016||||ge |||||||||||||| ||geo|| | ||
| 020 | _aISBN 978-9941-22-875-9 | ||
| 040 | _cGE_BSU | ||
| 041 | _ageo | ||
| 080 | _a81(042.4) ჭ-97 | ||
| 100 |
_aჭყონია, ნოდარ _97852 |
||
| 245 |
_aლექციები ენათმეცნიერებაში (ნაწილი პირველი) : _b[სალექციო კურსი] / _cნოდარ ჭყონია ; რედ. მამია ფაღავა. |
||
| 264 |
_aთბილისი : _bუნივერსალი, _c2016. |
||
| 300 |
_a642 გვ. ; _c21 სმ. |
||
| 504 | _aგამოყენებული წყაროები გვ.: 618-632 | ||
| 653 | _aენათმეცნიერება | ||
| 653 | _aლექციები ენათმეცნიერებაში | ||
| 700 |
_a ფაღავა, მამია _eრედაქტორი _97853 |
||
| 710 |
_aბათუმის შოთა რუსთაველის სახელმწიფო უნიერსიტეტი _97854 |
||
| 942 |
_cBK _2udc |
||